[Event "Bangkok Olympiad Qual"]
[Site "Bangkok"]
[Date "2024.03.27"]
[Round "6"]
[White "Wongbenjarat, Supakrit"]
[Black "Chongstitwattana, Cholapat"]
[Result "1-0"]
[WhiteElo "1614"]
[BlackElo "1656"]
[PlyCount "185"]
[EventDate "2024.03.24"]
[EventType "swiss"]
[EventRounds "7"]
[EventCountry "THA"]
[SourceTitle "CB14_2024"]
[SourceDate "2024.04.01"]
[SourceVersion "1"]
[SourceVersionDate "2024.04.01"]
[SourceQuality "1"]

1. Nf3 d6 2. d4 g6 3. g3 Bg7 4. Bg2 Nf6 5. b3 c5 6. Bb2 cxd4 7. Nxd4 Qa5+ 8. Qd2 Qb6 9. c4 Bd7 10. 0-0 Nc6 11. Rd1 0-0 12. Nc3 Nxd4 13. Qxd4 Qxd4 14. Rxd4 Bc6 15. Rd2 Bxg2 16. Kxg2 Rfc8 17. Nd5 Nxd5 18. Bxg7 Ne3+ 19. fxe3 Kxg7 20. Rd5 b6 21. Rad1 Rc5 22. g4 h6 23. h4 a5 24. a4 Rac8 25. e4 Rxd5 26. exd5 f5 27. gxf5 gxf5 28. Kf3 Kf6 29. Kf4 Rg8 30. Rh1 Rg4+ 31. Kf3 h5 32. e3 Ke5 33. Rh2 f4 34. exf4+ Rxf4+ 35. Ke3 Rg4 36. Rh3 Rf4 37. Kd3 Rd4+ 38. Ke3 Rg4 39. Kd3 Kf4 40. Rh1 Rg3+ 41. Kc2 Re3 42. Rg1 Rh3 43. Re1 Rxh4 44. Rxe7 Rg4 45. Re6 h4 46. Rxd6 h3 47. Rh6 Kg3 48. d6 h2 49. d7 Rg8 50. Rg6+ Rxg6 51. d8Q h1Q 52. Qd3+ Kf4 53. Qxg6 Qh2+ 54. Kc3 Qh8+ 55. Kd3 Qh3+ 56. Kc2 Qh2+ 57. Kc1 Qh1+ 58. Kb2 Qh8+ 59. Ka2 Qh2+ 60. Ka3 Qh1 61. Qf6+ Kg4 62. Qg7+ Kf4 63. Qc7+ Kg4 64. Qd7+ Kf4 65. Qd4+ Kf5 66. Qd7+ Kf4 67. Qf7+ Kg4 68. Qg7+ Kf4 69. Qf6+ Kg4 70. Qd4+ Kf5 71. Kb2 Qh2+ 72. Kc3 Qa2 73. Qd5+ Kf4 74. Qd2+ Qxd2+ 75. Kxd2 Ke5 76. Kd3 Kd6 77. Kd4 Kc6 78. c5 bxc5+ 79. Kc4 Kb6 80. Kd5 c4 81. bxc4 Kb7 82. Kd6 Kc8 83. Kc6 Kb8 84. Kb6 Kc8 85. c5 Kb8 86. Kxa5 Kc7 87. Kb5 Kb7 88. a5 Kb8 89. Kb6 Kc8 90. Kc6 Kb8 91. Kd7 Kb7 92. c6+ Kb8 93. c7+ 1-0

[Event "Bangkok Big Rook op"]
[Site "Bangkok"]
[Date "2024.02.23"]
[Round "1"]
[White "Chongstitwattana, Cholapat"]
[Black "Baba, Masahiro"]
[Result "0-1"]
[WhiteElo "1450"]
[BlackElo "2184"]
[PlyCount "48"]
[EventDate "2024.02.23"]
[EventType "swiss"]
[EventRounds "7"]
[EventCountry "THA"]
[SourceTitle "CB10_2024"]
[SourceDate "2024.03.06"]
[SourceVersion "1"]
[SourceVersionDate "2024.03.06"]
[SourceQuality "1"]

1. d4 Nf6 2. c4 g6 3. Nc3 d5 4. cxd5 Nxd5 5. e4 Nxc3 6. bxc3 Bg7 7. Rb1 c5 8. Nf3 0-0 9. Be2 Nc6 10. d5 Ne5 11. c4 Qa5+ 12. Bd2 Nxf3+ 13. Bxf3 Qxa2 14. Qc1 Qa6 15. h4 h5 16. g4 Qf6 17. Rb3 Bxg4 18. Bg5 Qa6 19. Bxg4 hxg4 20. h5 Rfe8 21. Bh6 Bxh6 22. Qxh6 Qa1+ 23. Kd2 Qxh1 24. Rg3 Qxh5 0-1

[Event "THA-ch Rapid"]
[Site "Bangkok"]
[Date "2023.12.07"]
[Round "10"]
[White "Chongstitwattana, Cholapat"]
[Black "Pantong, Tikampon"]
[Result "1-0"]
[WhiteElo "1405"]
[BlackElo "1429"]
[PlyCount "79"]
[EventDate "2023.12.05"]
[EventType "swiss (rapid)"]
[EventRounds "13"]
[EventCountry "THA"]
[SourceTitle "CB50_2023"]
[SourceDate "2023.12.13"]
[SourceVersion "1"]
[SourceVersionDate "2023.12.13"]
[SourceQuality "1"]

1. c4 Nf6 2. Nc3 g6 3. g3 Bg7 4. Bg2 0-0 5. e4 d6 6. Nge2 e5 7. 0-0 c6 8. d4 Nbd7 9. h3 Kh8 10. Be3 Ng8 11. Qd2 f5 12. exf5 Rxf5 13. g4 Rf8 14. Bg5 Qa5 15. Be3 Ndf6 16. a3 Qc7 17. Rac1 Bd7 18. dxe5 dxe5 19. Bc5 Rfd8 20. Bd6 Qc8 21. c5 Ne8 22. Ne4 a5 23. Qg5 Nef6 24. Nxf6 Bxf6 25. Bxe5 Rf8 26. Ng3 Qe8 27. Bxf6+ Nxf6 28. Rce1 Qf7 29. Re2 Rae8 30. Rfe1 Nd5 31. Rxe8 Bxe8 32. Qe5+ Kg8 33. Qe6 Bd7 34. Qxf7+ Rxf7 35. Bxd5 cxd5 36. b4 Kf8 37. Re5 axb4 38. axb4 Bc6 39. Ne2 Rf4 40. Nxf4 1-0

[Event "THA-ch Rapid"]
[Site "Bangkok"]
[Date "2023.12.06"]
[Round "8"]
[White "Chongstitwattana, Cholapat"]
[Black "Chuersakul, Sarocha"]
[Result "0-1"]
[WhiteElo "1405"]
[BlackElo "1770"]
[PlyCount "56"]
[EventDate "2023.12.05"]
[EventType "swiss (rapid)"]
[EventRounds "13"]
[EventCountry "THA"]
[SourceTitle "CB50_2023"]
[SourceDate "2023.12.13"]
[SourceVersion "1"]
[SourceVersionDate "2023.12.13"]
[SourceQuality "1"]

1. d4 Nf6 2. c4 e6 3. Nc3 Bb4 4. f3 c5 5. d5 exd5 6. cxd5 d6 7. e4 0-0 8. Nge2 Re8 9. Bg5 Nbd7 10. a3 Ba5 11. Ng3 h6 12. Be3 a6 13. a4 Nb6 14. Kf2 Qe7 15. Qd3 Bxc3 16. bxc3 Nbd7 17. c4 Ne5 18. Qd2 a5 19. Bd3 Bd7 20. Rhb1 Reb8 21. Rb6 Ra6 22. Rxa6 bxa6 23. Nf5 Bxf5 24. exf5 Rb2 25. Bc2 Nxc4 26. Qc3 Qxe3+ 27. Qxe3 Nxe3 28. Kxe3 Rxc2 0-1

[Event "Bangkok Chinese New Year"]
[Site "Bangkok"]
[Date "2022.02.03"]
[Round "6"]
[White "Chongstitwattana, Cholapat"]
[Black "Arunnuntapanich, Tinnakrit"]
[Result "0-1"]
[WhiteElo "1465"]
[BlackElo "2159"]
[PlyCount "58"]
[EventDate "2022.02.01"]
[EventType "tourn"]
[EventRounds "7"]
[EventCountry "THA"]
[SourceTitle "CBM 206 Extra"]
[Source "ChessBase"]
[SourceDate "2022.03.31"]
[SourceVersion "1"]
[SourceVersionDate "2022.03.31"]
[SourceQuality "1"]

1. d4 Nf6 2. c4 g6 3. Nc3 Bg7 4. e4 d6 5. f4 0-0 6. Nf3 c5 7. d5 e6 8. dxe6 Bxe6 9. Bd3 Nc6 10. 0-0 Bg4 11. h3 Bxf3 12. Qxf3 Nd4 13. Qf2 Nd7 14. Be3 f5 15. Rae1 Kh8 16. Kh1 a6 17. Bc1 Rb8 18. exf5 gxf5 19. Nd5 Nf6 20. Ne7 Qd7 21. g4 fxg4 22. Qh4 Rf7 23. hxg4 Qxg4 24. Ng6+ Kg8 25. Qxg4 Nxg4 26. Ne7+ Kh8 27. Kg2 Bf6 28. Nd5 Rg8 29. Nxf6 Rxf6 0-1

[Event "Bangkok Chinese New Year"]
[Site "Bangkok"]
[Date "2022.02.02"]
[Round "3"]
[White "Taulananda, Anon"]
[Black "Chongstitwattana, Cholapat"]
[Result "1/2-1/2"]
[WhiteElo "1569"]
[BlackElo "1465"]
[PlyCount "106"]
[EventDate "2022.02.01"]
[EventType "tourn"]
[EventRounds "7"]
[EventCountry "THA"]
[SourceTitle "CBM 206 Extra"]
[Source "ChessBase"]
[SourceDate "2022.03.31"]
[SourceVersion "1"]
[SourceVersionDate "2022.03.31"]
[SourceQuality "1"]

1. d4 d5 2. c4 c6 3. Nc3 Nf6 4. Nf3 dxc4 5. a4 Bf5 6. e3 Bd3 7. Bxd3 cxd3 8. Qxd3 Nbd7 9. 0-0 e6 10. e4 Nc5 11. Qc2 Na6 12. d5 cxd5 13. Rd1 Nb4 14. Qb3 Qc8 15. exd5 Nfxd5 16. Nxd5 Nxd5 17. Rxd5 exd5 18. Bf4 Be7 19. Re1 Kf8 20. Qxd5 Qc6 21. Qf5 Bf6 22. Rc1 Rd8 23. h3 Qd5 24. Qc2 g6 25. Bh6+ Bg7 26. Qc3 Rg8 27. Qb4+ Qd6 28. Qxd6+ Rxd6 29. Rc8+ Ke7 30. Bg5+ f6 31. Rxg8 Kf7 32. Rb8 Rd1+ 33. Kh2 fxg5 34. Nxg5+ Ke7 35. Rxb7+ Rd7 36. Rxd7+ Kxd7 37. Nxh7 Bxb2 38. Nf8+ Kc6 39. Nxg6 Kc5 40. f4 Kb4 41. Ne5 Kxa4 42. g4 Kb5 43. g5 Ba3 44. g6 Bf8 45. f5 Bd6 46. Kg3 Bxe5+ 47. Kg4 a5 48. Kg5 a4 49. f6 a3 50. g7 Bxf6+ 51. Kxf6 a2 52. g8Q a1Q+ 53. Kf5 Qf1+ 1/2-1/2

[Event "Bangkok Chinese New Year"]
[Site "Bangkok"]
[Date "2022.02.01"]
[Round "1"]
[White "Chongstitwattana, Cholapat"]
[Black "Habla, Jony"]
[Result "0-1"]
[WhiteElo "1465"]
[BlackElo "2208"]
[PlyCount "68"]
[EventDate "2022.02.01"]
[EventType "tourn"]
[EventRounds "7"]
[EventCountry "THA"]
[SourceTitle "CBM 206 Extra"]
[Source "ChessBase"]
[SourceDate "2022.03.31"]
[SourceVersion "1"]
[SourceVersionDate "2022.03.31"]
[SourceQuality "1"]

1. d4 d5 2. c4 e6 3. cxd5 exd5 4. Bf4 c6 5. Nc3 Qb6 6. a3 a5 7. Na4 Qd8 8. Rc1 Nd7 9. e3 Ngf6 10. Bd3 Be7 11. h3 0-0 12. Nf3 Re8 13. 0-0 Nf8 14. Nc5 Ng6 15. Bg3 Bd6 16. Bxd6 Qxd6 17. Bb1 b6 18. Na4 Rb8 19. Qc2 Bd7 20. Nc3 Re7 21. Ng5 Rbe8 22. Na4 Rb8 23. Qd3 Ne4 24. Nxe4 dxe4 25. Qc2 Qf6 26. f4 Nh4 27. Rf2 Nf5 28. Qc3 c5 29. g4 Nh4 30. g5 Qf5 31. Nxb6 Rxb6 32. Qxa5 Rb5 33. Qa7 Qxh3 34. dxc5 Qg3+ 0-1

[Event "Bangkok Big Rook op"]
[Site "Bangkok"]
[Date "2022.01.25"]
[Round "2"]
[White "Kuich, Gero"]
[Black "Chongstitwattana, Cholapat"]
[Result "1/2-1/2"]
[WhiteElo "1495"]
[BlackElo "1463"]
[PlyCount "76"]
[EventDate "2022.01.24"]
[EventType "swiss"]
[EventRounds "5"]
[EventCountry "THA"]
[SourceTitle "CBM 206 Extra"]
[Source "ChessBase"]
[SourceDate "2022.03.31"]
[SourceVersion "1"]
[SourceVersionDate "2022.03.31"]
[SourceQuality "1"]

1. d4 e6 2. c4 Nf6 3. Nf3 a6 4. g3 b5 5. c5 d6 6. cxd6 Bxd6 7. Bg2 Bb7 8. 0-0 0-0 9. a3 c5 10. dxc5 Bxc5 11. Qc2 Qe7 12. Bg5 Rc8 13. Nc3 h6 14. Bxf6 Qxf6 15. Rac1 Bb6 16. Qb1 Nd7 17. Rfd1 Nf8 18. Rd2 Rc7 19. Rcd1 Rac8 20. Ne4 Bxe4 21. Qxe4 Rc1 22. Rxc1 Rxc1+ 23. Bf1 Ba5 24. Rc2 Rb1 25. Qe5 Qg6 26. Rc8 Ra1 27. b4 Qb1 28. Nd2 Qe1 29. Qd6 Rd1 30. Rxf8+ Kh7 31. Qd3+ f5 32. bxa5 Rxd2 33. Qf3 Rd1 34. Qg2 Ra1 35. g4 Qxe2 36. gxf5 Rxf1+ 37. Qxf1 Qg4+ 38. Qg2 Qd1+ 1/2-1/2

[Event "Nonthaburi SEA Games Qual"]
[Site "Nonthaburi"]
[Date "2021.03.07"]
[Round "7.9"]
[White "Chiravanich, Pathee"]
[Black "Chongstitwattana, Cholapat"]
[Result "1/2-1/2"]
[WhiteElo "1306"]
[BlackElo "1460"]
[PlyCount "80"]
[EventDate "2021.03.04"]
[EventType "swiss"]
[EventRounds "9"]
[EventCountry "THA"]
[SourceTitle "EXT 2022"]
[Source "ChessBase"]
[SourceDate "2021.10.06"]
[SourceVersion "1"]
[SourceVersionDate "2021.10.06"]
[SourceQuality "1"]

1. e4 c5 2. Nf3 Nc6 3. d4 cxd4 4. Nxd4 Nf6 5. Nc3 e5 6. Ndb5 d6 7. f3 a6 8. Na3 b5 9. Nd5 Nxd5 10. Qxd5 Qc7 11. Be3 Be6 12. Qd2 d5 13. c3 dxe4 14. fxe4 Rd8 15. Qf2 Rd7 16. Be2 b4 17. Nc4 bxc3 18. bxc3 Bxc4 19. Bb6 Qb8 20. Bxc4 Nd4 21. Bxd4 exd4 22. 0-0 Qc7 23. Bxa6 dxc3 24. Kh1 Bc5 25. Qc2 Qa5 26. Bd3 0-0 27. Rac1 Rfd8 28. Rfd1 Bb4 29. a4 Qe5 30. Qe2 Bd6 31. g3 Ba3 32. Rc2 Rd4 33. Rxc3 Rxe4 34. Bxe4 Rxd1+ 35. Qxd1 Qxc3 36. Qd8+ Bf8 37. Bxh7+ Kxh7 38. Qxf8 Qf3+ 39. Kg1 Qe3+ 40. Kg2 Qe2+ 1/2-1/2

[Event "Pattaya op"]
[Site "Pattaya"]
[Date "2019.10.23"]
[Round "1"]
[White "Bernardo, Darry"]
[Black "Chongstitwattana, Cholapat"]
[Result "1-0"]
[WhiteElo "2030"]
[BlackElo "1512"]
[PlyCount "73"]
[EventDate "2019.10.23"]
[EventType "swiss"]
[EventRounds "9"]
[EventCountry "THA"]
[SourceTitle "CBM 195 Extra"]
[Source "ChessBase"]
[SourceDate "2020.05.31"]
[SourceVersion "1"]
[SourceVersionDate "2020.05.31"]
[SourceQuality "1"]

1. e4 e6 2. d4 d5 3. Nc3 Nf6 4. Bg5 Be7 5. e5 Nfd7 6. h4 h6 7. Bxe7 Qxe7 8. Qg4 0-0 9. 0-0-0 a6 10. f4 f5 11. Qg6 c5 12. Nf3 Qf7 13. Qxf7+ Rxf7 14. Nxd5 cxd4 15. Nc7 Ra7 16. Nxe6 b5 17. Rxd4 Nc6 18. Rd6 Na5 19. b4 Nb7 20. Rc6 Ra8 21. Nc7 Nd8 22. Rc3 Rb8 23. e6 Nxe6 24. Nxe6 Nf6 25. Rc6 Nd5 26. a3 Rd7 27. Nc5 Rd8 28. g3 Ne3 29. Bd3 Ra8 30. Re1 Nd5 31. Rd1 a5 32. Bxb5 axb4 33. Rxd5 Bd7 34. Rxd7 Rxd7 35. Nxd7 bxa3 36. Bc4+ Kh8 37. Kb1 1-0

[Event "THA-ch"]
[Site "Bangkok"]
[Date "2019.05.02"]
[Round "3"]
[White "Saiai, Purimprach"]
[Black "Chongstitwattana, Cholapat"]
[Result "1-0"]
[WhiteElo "1186"]
[BlackElo "1539"]
[PlyCount "46"]
[EventDate "2019.05.01"]
[EventType "swiss"]
[EventRounds "9"]
[EventCountry "THA"]
[SourceTitle "CBM 190 Extra"]
[Source "ChessBase"]
[SourceDate "2019.07.15"]
[SourceVersion "1"]
[SourceVersionDate "2019.07.15"]
[SourceQuality "1"]

1. e4 e6 2. d4 d5 3. exd5 exd5 4. Nf3 Nc6 5. Be2 Bd6 6. 0-0 Nge7 7. c4 dxc4 8. Bxc4 0-0 9. Ng5 Bf5 10. h4 Nxd4 11. Nxf7 Rxf7 12. Bxf7+ Kxf7 13. Bg5 Nc2 14. Qf3 Qd7 15. Bxe7 Kxe7 16. Qxb7 Re8 17. Nc3 Nxa1 18. Rxa1 c6 19. Re1+ Kf8 20. Rxe8+ Qxe8 21. g3 Bh3 22. Qxa7 Qe1+ 23. Kh2 Qxf2+ 1-0

[Event "THA Amatuer-ch"]
[Site "Thailand"]
[Date "2019.02.20"]
[Round "7"]
[White "Chongstitwattana, Cholapat"]
[Black "Klubwong, Prakarn"]
[Result "0-1"]
[WhiteElo "1453"]
[BlackElo "1826"]
[PlyCount "82"]
[EventDate "2019.02.16"]
[EventType "swiss"]
[EventRounds "7"]
[EventCountry "THA"]
[SourceTitle "CBM 189 Extra"]
[Source "ChessBase"]
[SourceDate "2019.06.03"]
[SourceVersion "1"]
[SourceVersionDate "2019.06.03"]
[SourceQuality "1"]

1. e4 e5 2. Nf3 Nc6 3. Bc4 Bc5 4. c3 Qe7 5. d4 Bb6 6. a4 a6 7. 0-0 d6 8. d5 Nb8 9. a5 Ba7 10. Bg5 Nf6 11. Nbd2 h6 12. Be3 Bxe3 13. fxe3 0-0 14. Qe1 Nbd7 15. b4 Nh7 16. Nh4 g6 17. Qg3 Qg5 18. Qf2 Ndf6 19. Nhf3 Qh5 20. h3 g5 21. Nh2 Qg6 22. Qf3 h5 23. g4 Kg7 24. Be2 hxg4 25. hxg4 Bd7 26. Kg2 c6 27. c4 Rac8 28. Rac1 Rh8 29. Rf2 cxd5 30. exd5 Nxd5 31. Rcf1 Ndf6 32. Ne4 Bc6 33. Bd3 Rc7 34. b5 Bxe4 35. Bxe4 Qxe4 36. bxa6 bxa6 37. Rb2 Rhc8 38. Rb6 Rxc4 39. Rxd6 Rc2+ 40. Kg3 Qxf3+ 41. Nxf3 Ne4+ 0-1

[Event "THA Amatuer-ch"]
[Site "Thailand"]
[Date "2019.02.19"]
[Round "5"]
[White "Calacday, Henry"]
[Black "Chongstitwattana, Cholapat"]
[Result "0-1"]
[WhiteElo "1812"]
[BlackElo "1453"]
[PlyCount "154"]
[EventDate "2019.02.16"]
[EventType "swiss"]
[EventRounds "7"]
[EventCountry "THA"]
[SourceTitle "CBM 189 Extra"]
[Source "ChessBase"]
[SourceDate "2019.06.03"]
[SourceVersion "1"]
[SourceVersionDate "2019.06.03"]
[SourceQuality "1"]

1. g3 e6 2. Bg2 f5 3. Nc3 Nf6 4. d3 Bb4 5. e4 Bxc3+ 6. bxc3 fxe4 7. dxe4 Nc6 8. Nh3 0-0 9. f4 d6 10. 0-0 Qe8 11. Ba3 Rf7 12. g4 Na5 13. Ng5 Rd7 14. Qf3 h6 15. Nh3 b6 16. g5 hxg5 17. fxg5 Nh7 18. Qg3 Qg6 19. Rf4 e5 20. Rh4 Rf7 21. Bc1 Ba6 22. Nf2 Raf8 23. Nd3 Nb7 24. Rg4 Nd8 25. h4 Bc8 26. h5 Qxh5 27. g6 Qxg4 28. gxf7+ Rxf7 29. Qxg4 Bxg4 30. Be3 Ne6 31. Nb4 Nf4 32. Bf1 Nf6 33. Bxf4 exf4 34. Bc4 d5 35. exd5 Rd7 36. Rf1 g5 37. Re1 Kg7 38. Re5 Kh6 39. Nc6 a5 40. Ne7 Bd1 41. Re6 Kg7 42. Nf5+ Kg6 43. Bd3 Rxd5 44. Ne7+ Kf7 45. Re1 Rd7 46. Nc6 Rd6 47. Ne5+ Ke7 48. Ng6+ Kf7 49. Re7+ Kg8 50. Bc4+ Nd5 51. Ne5 Bxc2 52. Ng4 Kf8 53. Re5 Ne3 54. Nxe3 fxe3 55. Rxe3 Bb1 56. Rf3+ Ke7 57. Re3+ Kf6 58. Re1 Rc6 59. Bb5 Rxc3 60. Rxb1 c6 61. Bf1 b5 62. Rb2 a4 63. Kf2 g4 64. Be2 Kg5 65. Kg2 a3 66. Rb4 Rc2 67. Rxg4+ Kf5 68. Kf3 Rxa2 69. Bd3+ Ke5 70. Ke3 Rh2 71. Rg5+ Kd6 72. Kd4 a2 73. Rg6+ Kc7 74. Rg1 Kb6 75. Kc3 Ka5 76. Kb3 Rh3 77. Rd1 Rxd3+ 0-1

[Event "THA Amatuer-ch"]
[Site "Thailand"]
[Date "2019.02.18"]
[Round "4"]
[White "Chongstitwattana, Cholapat"]
[Black "Asavasaetakul, Chawit"]
[Result "1-0"]
[WhiteElo "1453"]
[BlackElo "1729"]
[PlyCount "51"]
[EventDate "2019.02.16"]
[EventType "swiss"]
[EventRounds "7"]
[EventCountry "THA"]
[SourceTitle "CBM 189 Extra"]
[Source "ChessBase"]
[SourceDate "2019.06.03"]
[SourceVersion "1"]
[SourceVersionDate "2019.06.03"]
[SourceQuality "1"]

1. d4 d5 2. c4 c6 3. cxd5 cxd5 4. Nc3 Nc6 5. e4 dxe4 6. d5 Ne5 7. Qa4+ Bd7 8. Qxe4 Ng6 9. Bc4 Nf6 10. Qe2 Qc7 11. Nf3 Nf4 12. Bxf4 Qxf4 13. 0-0 g5 14. Rfe1 0-0-0 15. Rac1 Kb8 16. g3 Qg4 17. Bb5 Qh5 18. Qe5+ Ka8 19. Bxd7 Rxd7 20. Nb5 Bg7 21. Nc7+ Rxc7 22. Qxc7 Rb8 23. Ne5 Nxd5 24. Qxb8+ Kxb8 25. Nd7+ Ka8 26. Rc8# 1-0

[Event "Vientiane op"]
[Site "Vientiane"]
[Date "2018.12.22"]
[Round "8"]
[White "Ng, Jia Shyen"]
[Black "Chongstitwattana, Cholapat"]
[Result "1-0"]
[WhiteElo "1407"]
[BlackElo "1524"]
[PlyCount "89"]
[EventDate "2018.12.18"]
[EventType "swiss"]
[EventRounds "9"]
[EventCountry "LAO"]
[SourceTitle "CBM 187 Extra"]
[Source "ChessBase"]
[SourceDate "2018.11.04"]
[SourceVersion "1"]
[SourceVersionDate "2018.11.04"]
[SourceQuality "1"]

1. e4 e6 2. d4 d5 3. Nc3 Nf6 4. e5 Nfd7 5. f4 c5 6. Nf3 Nc6 7. Be3 a6 8. Qd2 b5 9. a3 Qa5 10. dxc5 b4 11. Ne2 bxa3 12. Rxa3 Qxd2+ 13. Nxd2 Rb8 14. Nb3 Nb4 15. Ned4 Nxc5 16. Nxc5 Bxc5 17. Rc3 Bxd4 18. Bxd4 0-0 19. Be2 Bd7 20. 0-0 Bb5 21. Bxb5 Rxb5 22. b3 h6 23. Ra1 Ra8 24. Bc5 a5 25. g3 Rbb8 26. Bd6 Rc8 27. Rxa5 Rxc3 28. Rxa8+ Kh7 29. Bxb4 Rxc2 30. Be1 Rc1 31. Kf1 Rc2 32. h4 Kg6 33. b4 Kf5 34. Ra3 Ke4 35. Rb3 d4 36. Rb1 Kf3 37. Rb3+ Ke4 38. b5 d3 39. Rb1 Kf3 40. b6 Rh2 41. Kg1 Rg2+ 42. Kh1 d2 43. Rb3+ Ke4 44. Bxd2 Rxd2 45. b7 1-0

[Event "Vientiane op"]
[Site "Vientiane"]
[Date "2018.12.19"]
[Round "4"]
[White "Chai, Chang Yik"]
[Black "Chongstitwattana, Cholapat"]
[Result "1/2-1/2"]
[WhiteElo "1342"]
[BlackElo "1524"]
[PlyCount "57"]
[EventDate "2018.12.18"]
[EventType "swiss"]
[EventRounds "9"]
[EventCountry "LAO"]
[SourceTitle "CBM 187 Extra"]
[Source "ChessBase"]
[SourceDate "2018.11.04"]
[SourceVersion "1"]
[SourceVersionDate "2018.11.04"]
[SourceQuality "1"]

1. d4 e6 2. c4 f5 3. Nc3 Bb4 4. Nf3 Nf6 5. Bd2 0-0 6. e3 b6 7. Bd3 Bb7 8. 0-0 Bxc3 9. Bxc3 Ne4 10. Re1 Qe8 11. Nd2 Qg6 12. f3 Nxc3 13. bxc3 Nc6 14. Qc2 Qh5 15. Nf1 d6 16. Rab1 Ba6 17. Qa4 Na5 18. Qd7 Qf7 19. Qxf7+ Rxf7 20. Nd2 c5 21. Rf1 Rd8 22. Kf2 e5 23. d5 f4 24. e4 g5 25. h3 h5 26. Be2 Kg7 27. Rg1 h4 28. Rh1 Rb8 29. Rb2 1/2-1/2

[Event "Vientiane op"]
[Site "Vientiane"]
[Date "2018.12.19"]
[Round "3"]
[White "Chongstitwattana, Cholapat"]
[Black "Wiwatanadate, Poompong"]
[Result "0-1"]
[WhiteElo "1524"]
[BlackElo "1968"]
[PlyCount "98"]
[EventDate "2018.12.18"]
[EventType "swiss"]
[EventRounds "9"]
[EventCountry "LAO"]
[SourceTitle "CBM 187 Extra"]
[Source "ChessBase"]
[SourceDate "2018.11.04"]
[SourceVersion "1"]
[SourceVersionDate "2018.11.04"]
[SourceQuality "1"]

1. d4 d5 2. c4 c6 3. cxd5 cxd5 4. Nc3 Nc6 5. e4 e6 6. e5 Nge7 7. Nf3 Nf5 8. Be3 Qb6 9. Qd2 Be7 10. Bd3 Nxe3 11. fxe3 0-0 12. 0-0 f6 13. Qc2 f5 14. Qf2 Bd7 15. Rab1 Be8 16. a3 Rc8 17. Ne2 Na5 18. Nd2 Bb5 19. Nf4 Bxd3 20. Nxd3 Rc2 21. Rfc1 Rfc8 22. Rxc2 Rxc2 23. Qe1 Nb3 24. Nxb3 Qxb3 25. Nf4 Kf7 26. Qg3 Rxb2 27. Rxb2 Qxb2 28. Qh3 Qc1+ 29. Kf2 Qd2+ 30. Kf3 Qd1+ 31. Kf2 h6 32. g4 Qxg4 33. Qxg4 fxg4 34. a4 a6 35. Kg3 b5 36. axb5 axb5 37. Kxg4 b4 38. Ne2 b3 39. Nc3 Bb4 40. Nb1 g5 41. Kf3 Kg6 42. e4 h5 43. h3 Kh6 44. exd5 exd5 45. Kg3 Kg6 46. Kf3 Kf5 47. Ke3 g4 48. h4 Be1 49. Nd2 Bxd2+ 0-1

[Event "Laos op"]
[Site "Vientiane"]
[Date "2018.01.04"]
[Round "3"]
[White "Chongstitwattana, Cholapat"]
[Black "Tantipura, Noppakorn"]
[Result "0-1"]
[WhiteElo "1443"]
[BlackElo "1823"]
[PlyCount "70"]
[EventDate "2018.01.03"]
[EventType "swiss"]
[EventRounds "9"]
[EventCountry "LAO"]
[SourceTitle "CBM 182 Extra"]
[Source "ChessBase"]
[SourceDate "2018.02.23"]
[SourceVersion "1"]
[SourceVersionDate "2018.02.23"]
[SourceQuality "1"]

1. d4 Nf6 2. Bf4 c5 3. d5 Qb6 4. Nc3 Qxb2 5. Bd2 Qb6 6. e4 d6 7. Rb1 Qd8 8. Nf3 g6 9. Bb5+ Nbd7 10. a4 Bg7 11. 0-0 0-0 12. h3 a6 13. Bd3 b6 14. Re1 Qc7 15. Nh2 Bb7 16. f4 e6 17. e5 Nxd5 18. exd6 Qxd6 19. Ne4 Qc7 20. Qe2 Nxf4 21. Bxf4 Qxf4 22. Rf1 Qc7 23. Nd2 Qe5 24. Qd1 Qd4+ 25. Kh1 Qxa4 26. Ng4 f5 27. Ne3 b5 28. Qc1 Qd4 29. Nb3 Qd6 30. Rd1 Qc7 31. Qd2 Rad8 32. Nc1 c4 33. Bf1 Nc5 34. Qe2 Ne4 35. Na2 Ng3+ 0-1